000 00550nam a2200181 a 4500
001 000048872
005 20240229073955.0
008 190424s2016 dr abc 000 0 spa d
020 _a9789945880809
040 _aDO-SdBNP
_bspa
_cBNPHU
082 _axxxx
_bV422m, 2016
100 1 _aVega, Bernardo,
_d1938 -
_93222
245 1 0 _aMe lo contó el Ozama /
_cBernardo Vega.
250 _a2a ed.
260 _aSanto Domingo :
_bFundación Cultural Dominicana,
_c2016.
300 _a148 p. :
_bil., mapas, retrs. ;
_c24 cm.
590 _aInventariado, 2019/LP
999 _c48360
_d48360